Addison-Wesley Algebra

Na minha lista:
Detalhes bibliográficos
Formato: Livro
Idioma:inglês
Publicado em: Menlo Park Addison-Wesley Publ. Co. 1992
Edição:1. ed.
Assuntos:
Tags: Adicionar Tag
Sem tags, seja o primeiro a adicionar uma tag!

MARC

LEADER 00000nam a2200000 4500
001 c018917
005 20221206082909.5
020 |a 0-201-28540-1 
041 0 |a eng 
044 |a US 
245 1 0 |a Addison-Wesley Algebra 
250 |a 1. ed. 
264 1 |a Menlo Park  |b Addison-Wesley Publ. Co.  |c 1992 
300 |a 800 s. 
610 2 0 |a matematika